000 00735nam a2200229 a 4500
005 20240208063611.0
008 060221s2003 mx r 000 0 spa d
020 _a8449314763
035 _aUPN01000142593
049 _aCG
050 4 _aPN3377.5 D4
_bK3.3
100 1 _aKeating, Henry Reymeond Fitzwalter,
_d1926-
245 1 0 _aEscribir novela negra /
_cH.R.F. Keating. ; tr. Laura Iglesias.
260 _aBarcelona, Esp. :
_bPaidós,
_cc2003.
300 _a172 p.
440 0 _aManuales de escritura ;
_v6
534 _pTítulo original:
_tWriting crime fiction
650 4 _aHISTORIAS DE DETECTIVES Y MISTERIO -
_xTECNICA
_94256
650 4 _aNOVELA -
_xTECNICA
_94255
650 4 _aEscritura creativa
_912783
905 _aLibro
999 _c114740
_d114740